[Event "Dmg_Chmp_2022"]
[Site "Dimitrovgrad"]
[Date "2022.11.27"]
[Round "3"]
[White "Zabarov"]
[Black "Kuprikov, Alexey"]
[Result "1/2-1/2"]
[WhiteElo "1850"]
[BlackElo "1722"]
[PlyCount "139"]
[TimeControl "90"]

1. e4 e5 2. Nf3 Nc6 3. d4 exd4 4. Bc4 Be7 5. Nxd4 Ne5 6. Bb3 Nf6 7. O-O O-O 8.
Nc3 c5 9. Nf5 c4 10. f4 Bc5+ 11. Be3 Bxe3+ 12. Nxe3 Neg4 13. Nxg4 Nxg4 14. Qxg4
d6 15. Qg3 cxb3 16. axb3 f5 17. Qe3 Re8 18. Qd4 fxe4 19. Nxe4 d5 20. Ng3 Be6
21. Nh5 Qb6 22. Qxb6 axb6 23. Ra4 Bf7 24. Ng3 g6 25. Kf2 Rac8 26. c3 h5 27. Rb4
Rc6 28. Re1 Rxe1 29. Kxe1 d4 30. Rxd4 Bxb3 31. Rd7 Bc4 32. Rxb7 h4 33. Nf1 Re6+
34. Kf2 Re2+ 35. Kf3 Rxb2 36. Ne3 Be2+ 37. Ke4 Bb5 38. Rc7 Rd2 39. c4 Ba4 40.
f5 gxf5+ 41. Kxf5 Bc2+ 42. Kg4 Re2 43. Nxc2 Rxc2 44. Kh3 b5 45. c5 b4 46. c6 b3
47. Rb7 Rxc6 48. Rxb3 Rc4 49. Rb5 Kf7 50. Rg5 Kf6 51. Rg4 Rc8 52. Kxh4 Kf5 53.
Rg5+ Kf6 54. h3 Rh8+ 55. Kg4 Ra8 56. h4 Rb8 57. g3 Rb1 58. Kh5 Rb8 59. Rg6+ Kf7
60. g4 Rh8+ 61. Kg5 Rxh4 62. Kxh4 Kxg6 63. g5 Kh7 64. Kh5 Kg7 65. g6 Kg8 66.
Kg4 Kh8 67. Kf5 Kg8 68. Kf6 Kf8 69. g7+ Kg8 70. Kg6 1/2-1/2

[Event "Dmg_Chmp_2022"]
[Site "Dimitrovgrad"]
[Date "2022.11.27"]
[Round "3"]
[White "Akimov, Gennadiy"]
[Black "Bondarenko, Anton"]
[Result "1/2-1/2"]
[WhiteElo "1929"]
[BlackElo "1620"]
[PlyCount "42"]
[TimeControl "90"]

1. e4 c6 2. d4 d5 3. e5 Bf5 4. g4 Bd7 5. f4 e6 6. Nf3 c5 7. Be3 Nc6 8. c3 cxd4
9. cxd4 h5 10. g5 Nge7 11. Bd3 g6 12. Nc3 a6 13. Kf2 Rc8 14. a3 b5 15. Rc1 Na5
16. Qe2 Nc4 17. Nb1 Nf5 18. Bxf5 exf5 19. Rc2 Be7 20. Rhc1 O-O 21. Ne1 Qb6
1/2-1/2

[Event "Dmg_Chmp_2022"]
[Site "Dimitrovgrad"]
[Date "2022.11.27"]
[Round "3"]
[White "Murzakhanov, Rustam"]
[Black "Shaykin, Andrey"]
[Result "1/2-1/2"]
[WhiteElo "1750"]
[BlackElo "1750"]
[PlyCount "82"]
[TimeControl "90"]

1. d4 d5 2. c4 c6 3. Nc3 Nf6 4. Bg5 Bf5 5. Bxf6 exf6 6. cxd5 cxd5 7. e3 Bb4 8.
Bd3 Bxc3+ 9. bxc3 Bxd3 10. Qxd3 O-O 11. Ne2 Nc6 12. Qb5 Rb8 13. Nf4 Ne7 14. O-O
a6 15. Qb3 g5 16. Nd3 Nf5 17. Nb4 Nh4 18. Qxd5 Qc8 19. Qb3 Qg4 20. g3 Nf3+ 21.
Kg2 Nd2 22. Qd1 Qe4+ 23. f3 Nxf1 24. fxe4 Nxe3+ 25. Kg1 Nxd1 26. Rxd1 Rbc8 27.
Nd5 Kg7 28. Rf1 Rfd8 29. Rf3 Rd6 30. Kf2 h5 31. h3 Rc4 32. Ke2 Ra4 33. Kd3 Rxa2
34. Ne7 Re6 35. Nf5+ Kg6 36. g4 h4 37. Re3 Ra5 38. Re2 Rc6 39. Ne7+ Kg7 40.
Nxc6 bxc6 41. Rb2 Kf8 1/2-1/2

[Event "Dmg_Chmp_2022"]
[Site "Dimitrovgrad"]
[Date "2022.11.27"]
[Round "3"]
[White "Bagautdinova"]
[Black "Kiselev, Artem"]
[Result "0-1"]
[WhiteElo "1500"]
[BlackElo "1800"]
[PlyCount "74"]
[TimeControl "90"]

1. c4 e5 2. Nc3 Nf6 3. e3 Bb4 4. Nge2 O-O 5. g3 Nc6 6. Bg2 d6 7. O-O Bf5 8. Qb3
Rb8 9. Nb5 Bc5 10. Qd1 Qd7 11. d4 exd4 12. exd4 Bb6 13. d5 Ne5 14. b3 Bh3 15.
Ned4 Bxg2 16. Kxg2 Rfe8 17. Bg5 h6 18. Bxf6 gxf6 19. Qh5 a6 20. Nf5 Ng6 21.
Nxh6+ Kf8 22. Nf5 Re5 23. Qh6+ Ke8 24. Ng7+ Ke7 25. Na3 Rh8 26. Qd2 Qh3+ 27.
Kf3 Rh4 28. Rfe1 Rf4+ 29. Qxf4 Nxf4 30. Kxf4 Qh6+ 31. Kf3 Qxg7 32. Rxe5+ fxe5
33. Kg2 f5 34. Kh1 Qg4 35. Rf1 f4 36. f3 Qh3 37. gxf4 Qxf1# 0-1

[Event "Dmg_Chmp_2022"]
[Site "Dimitrovgrad"]
[Date "2022.11.27"]
[Round "3"]
[White "Markelova, Maria"]
[Black "Batyukova, Anastasiya"]
[Result "0-1"]
[WhiteElo "1600"]
[BlackElo "1800"]
[PlyCount "56"]
[TimeControl "90"]

1. d4 d5 2. e3 Nf6 3. c4 c6 4. Bd2 g6 5. Nc3 Bg7 6. Be2 Bf5 7. Nf3 Nbd7 8. a3
Ne4 9. Nxe4 Bxe4 10. Bc3 e6 11. Bd3 Nf6 12. cxd5 exd5 13. Ng5 Bxd3 14. Qxd3 O-O
15. e4 Nxe4 16. Nxe4 dxe4 17. Qxe4 Re8 18. Qxe8+ Qxe8+ 19. Kf1 c5 20. dxc5 Bxc3
21. bxc3 Qb5+ 22. Kg1 Re8 23. g3 Qxc5 24. Rf1 Qxc3 25. a4 Re1 26. Rxe1 Qxe1+
27. Kg2 Qe4+ 28. Kg1 Qxa4 0-1

[Event "Dmg_Chmp_2022"]
[Site "Dimitrovgrad"]
[Date "2022.12.03"]
[Round "4"]
[White "Zaletov, Yuri"]
[Black "Bredihin, Dmitriy"]
[Result "0-1"]
[WhiteElo "2119"]
[BlackElo "2107"]
[PlyCount "96"]
[TimeControl "90"]

1. e4 c5 2. c3 Nf6 3. e5 Nd5 4. d4 cxd4 5. Nf3 Nc6 6. cxd4 d6 7. Bc4 e6 8. O-O
dxe5 9. dxe5 a6 10. Qe2 b5 11. Bb3 Bb7 12. Bxd5 Qxd5 13. Rd1 Qc4 14. Qxc4 bxc4
15. Be3 Rc8 16. Nc3 Nb4 17. Ne1 Be7 18. Rac1 Bc6 19. Rd4 Bb5 20. Rg4 g6 21. Bh6
Rc5 22. Rd1 Nd5 23. Rgd4 Nxc3 24. bxc3 Rg8 25. Bf4 g5 26. Bg3 h5 27. h3 Bc6 28.
Nc2 f5 29. Nb4 Ba4 30. Re1 f4 31. Bh2 a5 32. Na6 Rc6 33. Nb8 Rc8 34. Rb1 Bc5
35. Rd2 Rg7 36. Rdb2 Ra7 37. Kf1 Rcc7 38. h4 gxh4 39. Bxf4 Kd8 40. Bg5+ Kc8 41.
Na6 Rxa6 42. Rb8+ Kd7 43. Rd8+ Kc6 44. Re8 Kd5 45. g3 Rf7 46. Rd8+ Kxe5 47.
Re1+ Kf5 48. Bf4 Kg4 0-1

[Event "Dmg_Chmp_2022"]
[Site "Dimitrovgrad"]
[Date "2022.12.03"]
[Round "4"]
[White "Abramov, Alexander"]
[Black "Markelov, Aleksey"]
[Result "1-0"]
[WhiteElo "2050"]
[BlackElo "1950"]
[PlyCount "123"]

1. d4 Nf6 2. c4 g6 3. Nc3 Bg7 4. e4 d6 5. Nf3 O-O 6. Be2 Nbd7 7. O-O e5 8. Be3
c6 9. d5 c5 10. a3 a5 11. Ne1 Re8 12. Nd3 b6 13. Qd2 Ba6 14. b3 Qe7 15. a4 Kh8
16. Rae1 Ng8 17. Bd1 Rf8 18. f4 exf4 19. Bxf4 Rae8 20. Re2 Ne5 21. Bc2 Qd7 22.
Ne1 f6 23. Nd3 Ne7 24. Nb5 Bxb5 25. axb5 Kg8 26. Bg3 Kh8 27. Nf4 Bh6 28. Nxg6+
N7xg6 29. Qxh6 Qg7 30. Qh5 Kg8 31. Be1 Qd7 32. Bd2 Qg4 33. Qxg4 Nxg4 34. h3
N4e5 35. Bh6 Rf7 36. Ref2 Nd7 37. g4 Ree7 38. Kh2 Nge5 39. Kg3 Ng6 40. h4 Nge5
41. h5 Kh8 42. Kh4 Kg8 43. Rf5 Kh8 44. g5 fxg5+ 45. Bxg5 Rxf5 46. Rxf5 Rf7 47.
Rxf7 Nxf7 48. Be7 Nde5 49. Kg3 Kg7 50. Kf4 Nd7 51. Kf5 Nf8 52. Bxf8+ Kxf8 53.
Ke6 Ke8 54. Bd3 Ne5 55. Bc2 Nf7 56. Bd3 Ne5 57. Be2 Nf7 58. Bd1 h6 59. Bc2 Ne5
60. Kxd6 Nd7 61. e5 Kd8 62. e6 1-0

[Event "Dmg_Chmp_2022"]
[Site "Dimitrovgrad"]
[Date "2022.12.03"]
[Round "4"]
[White "Slaboganin, Vladimir"]
[Black "Abramov, Sergey"]
[Result "1-0"]
[WhiteElo "2005"]
[BlackElo "1900"]
[PlyCount "53"]
[TimeControl "90"]

1. e4 e6 2. d4 d5 3. e5 c5 4. c3 Nc6 5. Nf3 b6 6. Be2 Qc7 7. O-O f6 8. Bf4 fxe5
9. Nxe5 Bd6 10. Re1 Nf6 11. Bb5 Bxe5 12. Bxe5 Qd7 13. Bxf6 gxf6 14. Qh5+ Kf8
15. Nd2 a6 16. Bxc6 Qxc6 17. Re3 Ra7 18. Qh6+ Ke8 19. Qxf6 Rf8 20. Qh6 cxd4 21.
cxd4 Raf7 22. Nf3 Qc2 23. Rc3 Qxb2 24. Rxc8+ Kd7 25. Rcc1 Rxf3 26. gxf3 Rg8+
27. Kh1 1-0

[Event "Dmg_Chmp_2022"]
[Site "Dimitrovgrad"]
[Date "2022.12.10"]
[Round "7"]
[White "Abramov, Sergey"]
[Black "Abramov, Alexander"]
[Result "0-1"]
[WhiteElo "2005"]
[BlackElo "2050"]
[PlyCount "106"]

1. Nf3 Nf6 2. d4 g6 3. c4 Bg7 4. Nc3 O-O 5. e4 d6 6. Be2 e5 7. O-O Nc6 8. d5
Ne7 9. b4 a5 10. bxa5 Rxa5 11. a4 Nd7 12. Ba3 b6 13. Bb4 Ra8 14. a5 bxa5 15.
Bxa5 Nc5 16. Nb5 Rxa5 17. Rxa5 c6 18. Ra8 cxb5 19. cxb5 Nxe4 20. Qb3 Qb6 21.
Bc4 Bb7 22. Rxf8+ Bxf8 23. Qd3 Nc5 24. Qd2 Bg7 25. Re1 Bf6 26. g4 Qd8 27. Rd1
Nc8 28. Ne1 Nb6 29. Qe2 Qa8 30. Nc2 Qa4 31. Ne3 Bg5 32. Qa2 Bxe3 33. Qxa4 Bxf2+
34. Kxf2 Ncxa4 35. Ra1 Nc5 36. Ba2 Nba4 37. Bc4 Kf8 38. Ke3 Ke7 39. g5 f5 40.
gxf6+ Kxf6 41. Rf1+ Ke7 42. h4 Nb6 43. Ba2 Bxd5 44. Bxd5 Nxd5+ 45. Kf3 Kf6 46.
Kg4+ Ke7 47. Kg5 e4 48. Kh6 e3 49. Re1 Nd3 50. Re2 N3f4 51. Re1 e2 52. Kg5 Kd7
53. Rc1 Nd3 0-1

[Event "Dmg_Chmp_2022"]
[Site "Dimitrovgrad"]
[Date "2022.12.03"]
[Round "4"]
[White "Abramov, Gordey P."]
[Black "Murzakhanov, Rustam"]
[Result "0-1"]
[WhiteElo "1850"]
[BlackElo "1750"]
[PlyCount "86"]
[TimeControl "90"]

1. c4 e5 2. Nc3 b6 3. d3 Bb7 4. Nf3 d6 5. g3 Nc6 6. Bg2 Be7 7. O-O Rb8 8. a3 a5
9. Qa4 Qd7 10. Nd5 Nf6 11. Bd2 O-O 12. d4 Rfd8 13. Nxe7+ Qxe7 14. d5 Na7 15. b4
c6 16. dxc6 Bxc6 17. b5 Bd7 18. Rfd1 Be6 19. Ng5 Bd7 20. Bc3 h6 21. Ne4 Nxe4
22. Bxe4 Be6 23. Bd5 Rbc8 24. Rac1 Bxd5 25. cxd5 Rc5 26. Bxa5 bxa5 27. Rxc5
dxc5 28. b6 Nc8 29. Qxa5 Qb7 30. Qxc5 Qxb6 31. Qc3 Qd6 32. a4 Ne7 33. Qb3 Ra8
34. e4 Kh8 35. Qb5 f5 36. exf5 Nxf5 37. a5 Nd4 38. Qb7 Rxa5 39. Qc8+ Kh7 40.
Rb1 Rc5 41. Qg4 Rc2 42. Qe4+ Qg6 43. Qxe5 Nf3+ 0-1

[Event "Dmg_Chmp_2022"]
[Site "Dimitrovgrad"]
[Date "2022.12.03"]
[Round "4"]
[White "Kuprikova, Anna"]
[Black "Akimov, Gennadiy"]
[Result "0-1"]
[WhiteElo "1800"]
[BlackElo "1929"]
[PlyCount "124"]
[TimeControl "90"]

1. e4 e5 2. Nf3 Nc6 3. Nc3 Nf6 4. Bc4 Nxe4 5. Bxf7+ Kxf7 6. Nxe4 Be7 7. d3 h6
8. Be3 d5 9. Ng3 Rf8 10. d4 e4 11. Ne5+ Nxe5 12. dxe5 Kg8 13. Qd2 Be6 14. h3
Qe8 15. b3 c5 16. O-O Qg6 17. Qe2 Rad8 18. c3 b6 19. Rad1 Bh4 20. Qh5 Qxh5 21.
Nxh5 Bg5 22. Bxg5 hxg5 23. Ng3 g4 24. h4 g6 25. Rc1 Kg7 26. c4 Bf5 27. Rfe1
Rfe8 28. cxd5 Rxd5 29. Nxe4 Rdxe5 30. f3 gxf3 31. gxf3 Bxe4 32. fxe4 Rxe4 33.
Rxe4 Rxe4 34. Rd1 Re7 35. Rd5 Kf6 36. Kf2 Rc7 37. Kg3 b5 38. Kf4 c4 39. bxc4
bxc4 40. Rd6+ Kf7 41. Ke4 c3 42. Rd1 c2 43. Rc1 Ke6 44. a3 Kf6 45. Rf1+ Kg7 46.
Rc1 Kh6 47. Kf3 Kh5 48. Kf4 a5 49. a4 Rc3 50. Ke4 Kxh4 51. Kd4 Rc8 52. Ke3 Kg5
53. Ke4 Kf6 54. Kd5 g5 55. Ke4 g4 56. Kf4 Rc4+ 57. Kg3 Kg5 58. Kf2 Kf4 59. Kg1
Ke3 60. Kg2 Kd2 61. Rf1 c1=Q 62. Rxc1 Kxc1 0-1

[Event "Dmg_Chmp_2022"]
[Site "Dimitrovgrad"]
[Date "2022.11.30"]
[Round "4"]
[White "Kiselev, Artem"]
[Black "Rudnev, Yuri"]
[Result "0-1"]
[WhiteElo "1800"]
[BlackElo "2150"]
[PlyCount "108"]
[TimeControl "90"]

1. d4 Nf6 2. c4 e6 3. Nc3 Bb4 4. Qc2 O-O 5. Nf3 d5 6. e3 b6 7. b3 Bb7 8. Bb2
Nbd7 9. Be2 c5 10. a3 Bxc3+ 11. Bxc3 cxd4 12. Nxd4 Rc8 13. O-O dxc4 14. Bxc4
Nd5 15. Nb5 Nxc3 16. Qxc3 Qg5 17. f3 Ne5 18. e4 Nxc4 19. bxc4 Qxb5 20. Qxg7+
Kxg7 21. cxb5 Rc5 22. a4 Rfc8 23. Rfd1 R8c7 24. h3 f5 25. exf5 Rxf5 26. Rd6 Kf7
27. Rad1 Rd5 28. R6xd5 exd5 29. Kf2 Rc5 30. Ra1 Rc2+ 31. Kg3 Ke6 32. a5 d4 33.
axb6 axb6 34. Rd1 Kd5 35. h4 Rc7 36. Kf2 Re7 37. f4 Kc4 38. f5 d3 39. g4 Re2+
40. Kg3 Kc3 41. f6 Bd5 42. h5 h6 43. g5 Rg2+ 44. Kf4 Rxg5 45. Ke3 d2 46. Rxd2
Re5+ 47. Kf4 Re4+ 48. Kf5 Kxd2 49. Kg6 Rf4 50. Kxh6 Rxf6+ 51. Kg7 Rf7+ 52. Kg6
Rf2 53. h6 Rh2 54. h7 Be4+ 0-1

[Event "Dmg_Chmp_2022"]
[Site "Dimitrovgrad"]
[Date "2022.12.03"]
[Round "4"]
[White "Bagautdinova"]
[Black "Markelova, Maria"]
[Result "1-0"]
[WhiteElo "1500"]
[BlackElo "1600"]
[PlyCount "95"]
[TimeControl "90"]

1. c4 d5 2. cxd5 Qxd5 3. Nc3 Qd8 4. e3 e6 5. Nge2 Nf6 6. g3 Be7 7. Bg2 Nc6 8.
b3 b6 9. Bxc6+ Bd7 10. Bxa8 Qxa8 11. O-O Qc6 12. Nd4 Qb7 13. d3 c5 14. Nf3 Bc6
15. e4 O-O 16. Re1 Qd7 17. Ne5 Qc7 18. Nxc6 Qxc6 19. Bb2 Rd8 20. Re3 Qd7 21.
Ne2 Qd6 22. e5 Qc6 23. exf6 gxf6 24. Rc1 f5 25. Qc2 Bg5 26. f4 Bh6 27. Qc3 e5
28. Qxe5 f6 29. Qe7 Rf8 30. Nd4 Qc8 31. Qxa7 Re8 32. Rxe8+ Qxe8 33. Nxf5 Qf8
34. Nxh6+ Qxh6 35. Qxb6 Qg6 36. Qxf6 Qxf6 37. Bxf6 Kf7 38. Be5 h5 39. Rxc5 Ke6
40. a4 Kf5 41. a5 Kg4 42. a6 h4 43. Kg2 hxg3 44. hxg3 Kf5 45. a7 Ke6 46. a8=Q
Kf5 47. Bd4+ Kg4 48. Qf3# 1-0

[Event "Dmg_Chmp_2022"]
[Site "Dimitrovgrad"]
[Date "2022.12.04"]
[Round "5"]
[White "Bredihin, Dmitriy"]
[Black "Slaboganin, Vladimir"]
[Result "1-0"]
[WhiteElo "2107"]
[BlackElo "1900"]
[PlyCount "65"]
[TimeControl "90"]

1. Nf3 Nf6 2. c4 c5 3. g3 g6 4. Bg2 Bg7 5. O-O O-O 6. Nc3 Nc6 7. d4 cxd4 8.
Nxd4 Nxd4 9. Qxd4 d6 10. Qh4 Re8 11. Bh6 Bh8 12. Rac1 Rb8 13. h3 Bd7 14. Rfd1
Qa5 15. Bd2 Qh5 16. Qxh5 Nxh5 17. Be3 b6 18. b3 Nf6 19. a4 Rec8 20. Nb5 a6 21.
Nd4 Ne8 22. Nc2 Bb2 23. Rb1 Bc3 24. g4 Bc6 25. Bxc6 Rxc6 26. Rd3 Ba5 27. b4
Rxc4 28. Rb2 Rbc8 29. Rd2 Rxc2 30. Rdxc2 Rxc2 31. Rxc2 Bxb4 32. Rc8 Kf8 33.
Bh6+ 1-0

[Event "Dmg_Chmp_2022"]
[Site "Dimitrovgrad"]
[Date "2022.12.04"]
[Round "5"]
[White "Lazutin, Valerij"]
[Black "Zaletov, Yuri"]
[Result "1/2-1/2"]
[WhiteElo "1904"]
[BlackElo "2119"]
[PlyCount "77"]
[TimeControl "90"]

1. d4 Nf6 2. Nf3 d5 3. g3 c6 4. Bg2 Bf5 5. O-O e6 6. c4 Nbd7 7. Nc3 Bd6 8. cxd5
exd5 9. e4 dxe4 10. Ng5 O-O 11. Ngxe4 Bc7 12. Bg5 h6 13. Be3 Re8 14. Nc5 Nxc5
15. dxc5 Ng4 16. Qb3 Rb8 17. Rad1 Qf6 18. Bd4 Qg6 19. Rd2 Be6 20. Qa3 Qh5 21.
h3 Ne5 22. Bxe5 Bxe5 23. Kh2 f5 24. f4 Bc7 25. Qxa7 Qf7 26. Rfd1 g5 27. Ne2 h5
28. Rd4 h4 29. Kh1 hxg3 30. Qa3 Bd5 31. Rxd5 Rxe2 32. Rd7 Re7 33. Rxe7 Qxe7 34.
Qxg3 Bxf4 35. Qc3 Re8 36. Qc4+ Kg7 37. Qc3+ Be5 38. Qc2 Kg6 39. Rf1 1/2-1/2

[Event "Dmg_Chmp_2022"]
[Site "Dimitrovgrad"]
[Date "2022.12.04"]
[Round "5"]
[White "Rudnev, Yuri"]
[Black "Guliev, Fahrutdin"]
[Result "1-0"]
[WhiteElo "2150"]
[BlackElo "1750"]
[PlyCount "57"]
[TimeControl "90"]

1. e4 e5 2. Nf3 d6 3. d4 exd4 4. Nxd4 Nf6 5. Nc3 Bg4 6. f3 Bd7 7. Be3 Nc6 8.
Bb5 Nxd4 9. Bxd7+ Nxd7 10. Qxd4 Qh4+ 11. Bf2 Qh5 12. Nd5 Kd8 13. O-O-O Qe5 14.
Qd2 Nb6 15. Nc3 f6 16. f4 Qa5 17. Qd3 Qb4 18. a3 Qa5 19. Rhe1 c6 20. Bg3 Na4
21. Nxa4 Qxa4 22. f5 d5 23. exd5 c5 24. Re4 Qa5 25. Rde1 Kd7 26. d6 Qb6 27. Qc4
Kc6 28. d7 Kxd7 29. Qf7+ 1-0

[Event "Dmg_Chmp_2022"]
[Site "Dimitrovgrad"]
[Date "2022.12.04"]
[Round "5"]
[White "Zabarov, Vyacheslav"]
[Black "Akimov, Gennadiy"]
[Result "1/2-1/2"]
[WhiteElo "1850"]
[BlackElo "1929"]
[PlyCount "78"]
[EventDate "2022.??.??"]

1. d4 c5 2. d5 e5 3. dxe6 fxe6 4. Nf3 Nf6 5. Bg5 Be7 6. Nc3 O-O 7. e4 Nc6 8.
Bc4 Na5 9. Be2 Nc6 10. O-O Ne8 11. Bxe7 Qxe7 12. Qd2 a6 13. e5 b5 14. Ne4 Bb7
15. Ng3 d6 16. c3 Nxe5 17. Nxe5 dxe5 18. Qe3 Qc7 19. Bg4 Bd5 20. Rfe1 Nf6 21.
Bh3 e4 22. b3 Rae8 23. c4 bxc4 24. bxc4 Ba8 25. Rab1 Qc6 26. Rb2 Rb8 27. Rd2
Rfd8 28. Red1 Rxd2 29. Qxd2 Kf7 30. Qf4 Re8 31. Nh5 Re7 32. Qg5 Nxh5 33. Qxh5+
Kf6 34. Qxh7 Qc7 35. Bg4 Qf4 36. Qh4+ Qg5 37. Qg3 Qe5 38. Qh4+ Qg5 39. Qg3 Qe5
1/2-1/2

[Event "Dmg_Chmp_2022"]
[Site "Dimitrovgrad"]
[Date "2022.12.04"]
[Round "5"]
[White "Abramov, Sergey"]
[Black "Kuprikov, Alexey"]
[Result "1-0"]
[WhiteElo "2005"]
[BlackElo "1722"]
[PlyCount "81"]
[TimeControl "90"]

1. Nf3 e6 2. d4 f5 3. c4 Nf6 4. Nc3 Be7 5. g3 c6 6. Bg2 d5 7. O-O O-O 8. b3 Bd7
9. Bb2 Be8 10. Qc2 Ne4 11. e3 Nd7 12. Rad1 Bh5 13. Ne2 Bxf3 14. Bxf3 Qa5 15. a3
Bxa3 16. Ra1 Nd2 17. Bg2 Nxf1 18. Bxf1 b5 19. Rxa3 Qb6 20. c5 Qc7 21. Bc3 Rfb8
22. Ra6 Nf6 23. Nf4 Kf7 24. Nd3 Nd7 25. Nb4 Qb7 26. Qa2 Rc8 27. Bg2 Nb8 28. Ra5
Nd7 29. Nd3 g5 30. f3 h5 31. b4 g4 32. fxg4 hxg4 33. Qf2 Nf6 34. Ne5+ Ke7 35.
Qf4 Rg8 36. Qh6 Qc8 37. Ra1 Qe8 38. Ra6 Ne4 39. Bxe4 fxe4 40. Rxc6 Rc8 41.
Qxe6+ 1-0

[Event "Dmg_Chmp_2022"]
[Site "Dimitrovgrad"]
[Date "2022.12.04"]
[Round "6"]
[White "Abramov, Alexander"]
[Black "Bredihin, Dmitriy"]
[Result "1/2-1/2"]
[WhiteElo "2050"]
[BlackElo "2107"]
[PlyCount "71"]
[TimeControl "90"]

1. Nf3 c5 2. c4 Nf6 3. g3 b6 4. Bg2 Bb7 5. Nc3 g6 6. O-O Bg7 7. Qc2 O-O 8. b3
d5 9. cxd5 Nxd5 10. Bb2 e5 11. Nxd5 Qxd5 12. d3 Nc6 13. a3 Rac8 14. Qd1 Qd7 15.
Nd2 f5 16. b4 Nd4 17. Bxb7 Qxb7 18. Rc1 Kh8 19. bxc5 bxc5 20. Bxd4 cxd4 21.
Rxc8 Rxc8 22. Nc4 Qc7 23. Qa4 Rb8 24. Qa6 Qf7 25. Qd6 Qf8 26. Qc7 a6 27. Rc1
Qc8 28. Nd6 Qxc7 29. Rxc7 Kg8 30. Nc4 e4 31. Ra7 exd3 32. exd3 Rb3 33. Ra8+ Kf7
34. Ra7+ Kg8 35. Ra8+ Kf7 36. Ra7+ 1/2-1/2

[Event "Dmg_Chmp_2022"]
[Site "Dimitrovgrad"]
[Date "2022.12.04"]
[Round "6"]
[White "Zaletov, Yuri"]
[Black "Markelov, Aleksey"]
[Result "0-1"]
[WhiteElo "2119"]
[BlackElo "1950"]
[PlyCount "120"]
[EventDate "2022.??.??"]

1. e4 c6 2. d4 d5 3. exd5 cxd5 4. c4 Nf6 5. Nc3 e6 6. Nf3 Nc6 7. cxd5 Nxd5 8.
Bd3 Ndb4 9. Bb1 g6 10. Bg5 f6 11. Bh4 Bg7 12. O-O O-O 13. a3 Nd5 14. Ba2 Kh8
15. Re1 a5 16. Qc2 Nf4 17. Rad1 Re8 18. Ne5 Qc7 19. Nf3 Bd7 20. Bg3 e5 21. Nb5
Qb6 22. dxe5 Bf5 23. Qa4 fxe5 24. Nd6 Rf8 25. Nf7+ Rxf7 26. Bxf7 Nd3 27. Rxd3
Bxd3 28. Ng5 Nd4 29. Bc4 Bxc4 30. Qxc4 h6 31. Nf7+ Kh7 32. Qd5 Nc6 33. Nxe5
Qxb2 34. Nxg6 Qf6 35. Nh4 Rd8 36. Qe4+ Kg8 37. Nf5 Rf8 38. Nxg7 Kxg7 39. h3 Rf7
40. Qd5 Re7 41. Rb1 Qe6 42. Qc5 Rf7 43. Qc3+ Kh7 44. Re1 Qd6 45. Qc4 Qf6 46.
Re4 Re7 47. Qc2 Kg7 48. Rxe7+ Qxe7 49. Qc4 Qxa3 50. Qg4+ Kh7 51. Qf5+ Kg7 52.
Bh4 Qa1+ 53. Kh2 Qe5+ 54. Qxe5+ Nxe5 55. f4 Nd3 56. Kg3 a4 57. Be7 b5 58. Kf3
b4 59. Ke3 Ne1 60. Bxb4 Nc2+ 0-1

[Event "Dmg_Chmp_2022"]
[Site "Dimitrovgrad"]
[Date "2022.12.04"]
[Round "6"]
[White "Murzakhanov, Rustam"]
[Black "Lazutin, Valerij"]
[Result "0-1"]
[WhiteElo "1750"]
[BlackElo "1904"]
[PlyCount "110"]
[EventDate "2022.??.??"]
[TimeControl "90"]

1. d4 d5 2. c4 e6 3. Nc3 c6 4. Nf3 Nf6 5. Bg5 Be7 6. cxd5 exd5 7. e3 O-O 8. Bd3
Bg4 9. O-O Nbd7 10. h3 Bh5 11. Re1 Re8 12. a3 Rc8 13. Rc1 Qb6 14. Rb1 Qa5 15.
Ra1 a6 16. Be2 Bg6 17. Nd2 Ne4 18. Ndxe4 dxe4 19. Bxe7 Rxe7 20. b4 Qg5 21. g3
Nf6 22. Kh2 Qh6 23. Bg4 Nxg4+ 24. Qxg4 f5 25. Qh4 Qxh4 26. gxh4 Rf8 27. Ne2 Bh5
28. Nf4 Bf3 29. Rg1 Kf7 30. Rg5 Kf6 31. Rag1 g6 32. h5 gxh5 33. Nxh5+ Bxh5 34.
Rxh5 Ref7 35. Rhg5 Ke6 36. Rc1 h6 37. Rg6+ Rf6 38. Rxf6+ Rxf6 39. Rc5 Rg6 40.
Re5+ Kf6 41. Rc5 Rg5 42. Rc1 h5 43. Rc5 h4 44. Rc1 f4 45. Re1 f3 46. Kh1 Rg2
47. Rc1 Rxf2 48. Rc3 Rg2 49. Rc1 Rg3 50. Kh2 Ke6 51. Rc2 Rg2+ 52. Rxg2 fxg2 53.
Kxg2 Kd5 54. Kf2 Kc4 55. Ke2 Kc3 0-1

[Event "Dmg_Chmp_2022"]
[Site "Dimitrovgrad"]
[Date "2022.12.04"]
[Round "6"]
[White "Slaboganin, Vladimir"]
[Black "Rudnev, Yuri"]
[Result "1-0"]
[WhiteElo "1900"]
[BlackElo "2150"]
[PlyCount "67"]
[TimeControl "90"]

1. Nf3 d5 2. g3 Nf6 3. Bg2 c6 4. O-O Bg4 5. d3 Nbd7 6. Nbd2 e6 7. Qe1 Be7 8. e4
O-O 9. e5 Ne8 10. d4 c5 11. c4 dxc4 12. Nxc4 cxd4 13. Nxd4 Rc8 14. b3 Nc5 15.
Be3 a6 16. f3 Bh5 17. Rd1 Qc7 18. Bf2 b5 19. Na5 Bg6 20. Rc1 Qd7 21. Qc3 b4 22.
Qe3 Bd8 23. Nc4 Nd3 24. Rcd1 Nxf2 25. Qxf2 Qc7 26. f4 Bh5 27. Bf3 Bxf3 28. Qxf3
Be7 29. Kg2 g6 30. Rf2 Kg7 31. g4 Bc5 32. Rfd2 Bxd4 33. Rxd4 f6 34. Rd7+ 1-0

[Event "Dmg_Chmp_2022"]
[Site "Dimitrovgrad"]
[Date "2022.12.04"]
[Round "6"]
[White "Shapran, Stefaniya"]
[Black "Abramov, Sergey"]
[Result "0-1"]
[WhiteElo "1800"]
[BlackElo "2005"]
[PlyCount "58"]
[TimeControl "90"]

1. Nf3 Nf6 2. c4 e6 3. Nc3 d5 4. cxd5 exd5 5. d4 c6 6. Qd3 Bd6 7. e4 dxe4 8.
Nxe4 Qe7 9. Nfd2 Bf5 10. f3 Bb4 11. Qe2 Nxe4 12. fxe4 Bxe4 13. a3 Bxd2+ 14.
Bxd2 O-O 15. O-O-O Nd7 16. Bb4 c5 17. dxc5 Nxc5 18. Qe3 Rac8 19. Bxc5 Rxc5+ 20.
Kd2 Rd8+ 21. Ke1 Rxd1+ 22. Kxd1 Bc2+ 23. Kd2 Rd5+ 24. Bd3 Rxd3+ 25. Qxd3 Bxd3
26. Kxd3 Qe5 27. Kc2 Qe4+ 28. Kb3 Qxg2 29. Rc1 h5 0-1

[Event "Dmg_Chmp_2022"]
[Site "Dimitrovgrad"]
[Date "2022.12.04"]
[Round "6"]
[White "Guliev, Fahrutdin"]
[Black "Zabarov, Vyacheslav"]
[Result "0-1"]
[WhiteElo "1750"]
[BlackElo "1850"]
[PlyCount "80"]
[EventDate "2022.??.??"]

1. d4 d5 2. Bf4 Nf6 3. h3 e6 4. e3 Bd6 5. Bxd6 cxd6 6. Bb5+ Nc6 7. c3 O-O 8.
Nf3 Qb6 9. Qb3 Qc7 10. Bd3 e5 11. Be2 e4 12. Nfd2 h6 13. Na3 a6 14. Rc1 b5 15.
Qc2 Bf5 16. Nab1 Rac8 17. Qd1 Rfe8 18. Nb3 Qd8 19. N1d2 Ne7 20. Nf1 Ng6 21. h4
Qd7 22. h5 Nf8 23. Nh2 b4 24. cxb4 Qa4 25. a3 Ne6 26. O-O Ng5 27. Na5 Qd7 28.
Bxa6 Rxc1 29. Qxc1 Nxh5 30. Qc6 Qe6 31. Bb5 Rc8 32. Qb7 Qg6 33. Bd7 Nh3+ 34.
Kh1 Nxf2+ 35. Rxf2 Rc1+ 36. Rf1 Ng3+ 37. Kg1 Nxf1 38. Nxf1 Rc2 39. g3 Rc1 40.
Nb3 Qxg3+ 0-1

[Event "Dmg_Chmp_2022"]
[Site "Dimitrovgrad"]
[Date "2022.12.04"]
[Round "6"]
[White "Kuprikov, Alexey"]
[Black "Markelova, Maria"]
[Result "1-0"]
[WhiteElo "1722"]
[BlackElo "1600"]
[PlyCount "77"]
[TimeControl "90"]

1. e4 e5 2. Nf3 Nc6 3. d4 d6 4. Bb5 Bd7 5. O-O Nf6 6. dxe5 dxe5 7. Bxc6 Bxc6 8.
Qxd8+ Rxd8 9. Nxe5 Bxe4 10. Re1 Bb4 11. c3 Bd6 12. Nc4 O-O 13. Nbd2 Bd5 14.
Nxd6 cxd6 15. Nb3 Bxb3 16. axb3 Rfe8 17. Be3 b6 18. Rxa7 Ng4 19. Rb7 Nxe3 20.
Rxe3 Rxe3 21. fxe3 h6 22. Rxb6 d5 23. b4 Re8 24. Kf2 Re5 25. Rd6 Rf5+ 26. Ke2
Rg5 27. g3 Kh7 28. b5 Rh5 29. h4 Re5 30. b6 Re6 31. Rxe6 fxe6 32. b7 Kg6 33.
b8=Q Kf5 34. h5 Kg4 35. Qe5 Kh3 36. Kf2 Kg4 37. Qxg7+ Kxh5 38. Kf3 e5 39. Qg4#
1-0

[Event "Dmg_Chmp_2022"]
[Site "Dimitrovgrad"]
[Date "2022.12.04"]
[Round "6"]
[White "Akimov, Gennadiy"]
[Black "Batyukova, Anastasiya"]
[Result "1-0"]
[WhiteElo "1929"]
[BlackElo "1800"]
[PlyCount "75"]
[TimeControl "90"]

1. e4 e5 2. Nf3 Nc6 3. Bb5 d6 4. d4 exd4 5. Bxc6+ bxc6 6. Nxd4 c5 7. Ne2 Nf6 8.
Nbc3 Bb7 9. f3 g6 10. O-O Bg7 11. Bg5 O-O 12. Ng3 Re8 13. Qd2 Re5 14. f4 Re6
15. Nd5 c6 16. Nxf6+ Bxf6 17. Bxf6 Rxf6 18. Rad1 d5 19. c3 Qe7 20. e5 Re6 21.
Rde1 Rd8 22. f5 Rxe5 23. f6 Qf8 24. Rxe5 c4 25. Qe3 c5 26. Re7 d4 27. Qg5 Rd5
28. Qf4 Ba8 29. Rfe1 Bc6 30. Qc7 Rd8 31. Qxc6 Rc8 32. Qd5 d3 33. Qxc4 Rd8 34.
Rd1 Qh6 35. Qxf7+ Kh8 36. Re8+ Rxe8 37. Qxe8+ Qf8 38. Qxf8# 1-0